[Event "SVK-ch U16"]
[Site "Liptovsky Mikulas"]
[Date "2007.04.26"]
[Round "7"]
[White "Drevenak, Matej"]
[Black "Nagy, Attila4444"]
[Result "1-0"]
[WhiteElo "1749"]
[BlackElo "1793"]
[PlyCount "63"]
[EventDate "2007.04.22"]
[EventType "swiss"]
[EventRounds "9"]
[EventCountry "SVK"]
[SourceTitle "EXT 2008"]
[Source "ChessBase"]
[SourceDate "2007.11.25"]
[SourceVersion "1"]
[SourceVersionDate "2007.11.25"]
[SourceQuality "1"]

1. e4 e5 2. Nf3 Nc6 3. Nc3 Nf6 4. Bb5 Bc5 5. 0-0 d6 6. d4 exd4 7. Nxd4 Bxd4 8. Qxd4 Bd7 9. Bxc6 Bxc6 10. Bg5 0-0 11. Rae1 Re8 12. Nd5 Bxd5 13. exd5 Rxe1 14. Rxe1 h6 15. Bxf6 Qxf6 16. Qxf6 gxf6 17. g4 Kf8 18. f4 Re8 19. Rxe8+ Kxe8 20. Kf2 c6 21. Ke3 cxd5 22. Kd4 Kd7 23. Kxd5 Ke7 24. h4 Kd7 25. a4 Ke7 26. b4 Kd7 27. c4 Ke7 28. a5 Kd7 29. h5 Ke7 30. c5 dxc5 31. bxc5 Kd7 32. g5 1-0

[Event "SVK-ch U16"]
[Site "Liptovsky Mikulas"]
[Date "2007.04.25"]
[Round "6"]
[White "Svitek, Michal"]
[Black "Drevenak, Matej"]
[Result "1-0"]
[WhiteElo "1540"]
[BlackElo "1749"]
[PlyCount "89"]
[EventDate "2007.04.22"]
[EventType "swiss"]
[EventRounds "9"]
[EventCountry "SVK"]
[SourceTitle "EXT 2008"]
[Source "ChessBase"]
[SourceDate "2007.11.25"]
[SourceVersion "1"]
[SourceVersionDate "2007.11.25"]
[SourceQuality "1"]

1. d4 Nf6 2. Nf3 g6 3. c4 Bg7 4. g3 0-0 5. Bg2 d6 6. 0-0 Nbd7 7. Nc3 e5 8. d5 a5 9. e4 Nc5 10. Re1 Ng4 11. h3 Nh6 12. Be3 f5 13. Bxc5 dxc5 14. exf5 Nxf5 15. Nxe5 Nd4 16. Nb5 Bxe5 17. Rxe5 Qf6 18. f4 Nxb5 19. cxb5 a4 20. Rc1 Qb6 21. Qe2 Bd7 22. Re7 Rae8 23. Rxe8 Rxe8 24. Qc4 Rc8 25. d6+ Kf8 26. Qxc5 Qxc5+ 27. Rxc5 cxd6 28. Rxc8+ Bxc8 29. b6 Ke7 30. g4 Ke6 31. Kf2 d5 32. Ke3 Kd6 33. Kd4 Be6 34. a3 Bf7 35. Bf3 Be6 36. Bd1 Bd7 37. b3 axb3 38. Bxb3 Be6 39. a4 h5 40. gxh5 gxh5 41. h4 Bf7 42. a5 Kc6 43. Ke5 Kb5 44. Bxd5 Be8 45. Kd6 1-0

[Event "SVK-ch U16"]
[Site "Liptovsky Mikulas"]
[Date "2007.04.24"]
[Round "5"]
[White "Drevenak, Matej"]
[Black "Liptak, Dusan"]
[Result "1/2-1/2"]
[WhiteElo "1749"]
[BlackElo "1708"]
[PlyCount "43"]
[EventDate "2007.04.22"]
[EventType "swiss"]
[EventRounds "9"]
[EventCountry "SVK"]
[SourceTitle "EXT 2008"]
[Source "ChessBase"]
[SourceDate "2007.11.25"]
[SourceVersion "1"]
[SourceVersionDate "2007.11.25"]
[SourceQuality "1"]

1. e4 c5 2. Nf3 d6 3. d4 cxd4 4. Nxd4 Nf6 5. Nc3 a6 6. a4 e5 7. Nb3 Be6 8. Be2 Be7 9. 0-0 0-0 10. Kh1 Nbd7 11. f4 Qc7 12. Be3 exf4 13. Rxf4 Ne5 14. Nd5 Bxd5 15. exd5 b6 16. Bg1 Nfd7 17. Nd4 Rfe8 18. Nf3 Bf8 19. Ng5 h6 20. Nf3 Rec8 21. c3 Qb7 22. Qd2 1/2-1/2

[Event "SVK-ch U14"]
[Site "Liptovsky Mikulas"]
[Date "2005.04.14"]
[Round "6"]
[White "Drevenak, Matej"]
[Black "Sosovicka, Juraj"]
[Result "1-0"]
[WhiteElo "1350"]
[BlackElo "1521"]
[PlyCount "77"]
[EventDate "2005.04.11"]
[EventType "swiss"]
[EventRounds "9"]
[EventCountry "SVK"]
[SourceTitle "EXT 2008"]
[Source "ChessBase"]
[SourceDate "2007.11.25"]
[SourceVersion "1"]
[SourceVersionDate "2007.11.25"]
[SourceQuality "1"]

1. e4 e5 2. Nf3 Nc6 3. Nc3 Nf6 4. Bc4 d6 5. Ng5 Be6 6. Bxe6 fxe6 7. Nxe6 Qd7 8. Nxf8 Rxf8 9. d3 0-0-0 10. h3 Qf7 11. Rf1 Kb8 12. Be3 d5 13. exd5 Nxd5 14. Qd2 Nxe3 15. Qxe3 Nb4 16. Qd2 Nd5 17. Nxd5 Qxd5 18. f3 Rfe8 19. Qc3 Re6 20. b3 Rg6 21. Rf2 Rc6 22. Qb2 Qc5 23. Rd1 Re6 24. Re2 Qd6 25. Kd2 Rde8 26. Kc1 Qd5 27. Rde1 g6 28. Qc3 c6 29. Qc4 Qd6 30. Kb2 Kc7 31. c3 Kd7 32. b4 b6 33. Kc2 b5 34. Qc5 Qc7 35. d4 exd4 36. Qxd4+ Rd6 37. Qg7+ Kc8 38. Qxc7+ Kxc7 39. Rxe8 1-0

[Event "SVK-ch U14"]
[Site "Liptovsky Mikulas"]
[Date "2005.04.12"]
[Round "2"]
[White "Drevenak, Matej"]
[Black "Baksa, Milan"]
[Result "1-0"]
[WhiteElo "1350"]
[BlackElo "1431"]
[PlyCount "75"]
[EventDate "2005.04.11"]
[EventType "swiss"]
[EventRounds "9"]
[EventCountry "SVK"]
[SourceTitle "EXT 2008"]
[Source "ChessBase"]
[SourceDate "2007.11.25"]
[SourceVersion "1"]
[SourceVersionDate "2007.11.25"]
[SourceQuality "1"]

1. e4 e5 2. Nf3 Nf6 3. Nc3 Nc6 4. Bc4 Bb4 5. d3 0-0 6. Bd2 Nd4 7. Nxd4 exd4 8. Ne2 Bxd2+ 9. Qxd2 c5 10. 0-0 d6 11. Rab1 a6 12. c3 d5 13. exd5 Nxd5 14. cxd4 cxd4 15. Nxd4 Nb6 16. Nb3 Bf5 17. Rbc1 Rc8 18. Rfd1 Re8 19. Qf4 Bg6 20. Qf3 Nxc4 21. dxc4 Qb6 22. Qc3 Red8 23. Rd4 Rxd4 24. Qxd4 Qe6 25. Nd2 f6 26. b3 h6 27. Rd1 Qe2 28. Rf1 Bd3 29. Qc3 Re8 30. Qc1 Qg4 31. Re1 Re2 32. Qd1 Rxe1+ 33. Qxe1 Bf5 34. h3 Qg6 35. Qe3 Bb1 36. a3 Qc2 37. Nxb1 Qxb1+ 38. Kh2 1-0